Incas, indios y fiestas : (Record no. 239)

000 -CABECERA
fixed length control field 01038nam a22002297a 4500
003 - IDENTIFICADOR DEL NÚMERO DE CONTROL
control field AR-CdUCM
008 - DATOS DE LONGITUD FIJA--INFORMACIÓN GENERAL
fixed length control field 190222b ||||| |||| 00| 0 spa d
020 ## - NÚMERO INTERNACIONAL ESTÁNDAR DEL LIBRO
ISBN 9789972296727
040 ## - FUENTE DE LA CATALOGACIÓN
Agencia/entidad que catalogó originalmente la obra MUNICIPALIDAD PROVINCIAL DEL CUSCO
Entidad que transcribió la catalogación BIBLIOTECA MUNICIPAL DEL CUSCO
082 ## - NÚMERO DE LA CLASIFICACIÓN DECIMAL DEWEY
No. de Clasificación 301.985 /
Notacion interna P13
100 ## - ENTRADA PRINCIPAL--NOMBRE DE PERSONA
Nombre Personal Pacheco Medrano, karina
245 ## - MENCIÓN DE TÍTULO
Título Incas, indios y fiestas :
Resto del título Reivindicaciones y representaciones en la configuración de la identidad cusqueña /
260 ## - PUBLICACIÓN, DISTRIBUCIÓN, ETC.
Lugar de publicación, distribución, etc. Cusco :
Nombre de la editorial, distribuidor, etc. Instituto Nacional de Cultura,
Fecha de publicación, distribución, etc. 2007.
300 ## - DESCRIPCIÓN FÍSICA
Nº de Páginas Extensión 447 páginas ;
Otros detalles físicos 22 cm.
Dimensiones 20 fotografías.
505 ## - NOTA DE CONTENIDO CON FORMATO
Nota de contenido formateada Orígenes del discurso indigenista -- Efervescencia y expansión del indigenismo -- Del indigenismo a la reivindicación moderna del Cusco: Transformación de la sociedad y oficialización del cusqueñismo -- El incanismo -- Visión sobre la conquista y los españoles ...
650 ## - PUNTO DE ACCESO ADICIONAL DE MATERIA--TÉRMINO DE MATERIA
Descriptor Cusco.
9 (RLIN) 772
650 ## - PUNTO DE ACCESO ADICIONAL DE MATERIA--TÉRMINO DE MATERIA
Descriptor Conquista.
9 (RLIN) 1045
650 ## - PUNTO DE ACCESO ADICIONAL DE MATERIA--TÉRMINO DE MATERIA
Descriptor Identidad.
9 (RLIN) 255
650 ## - PUNTO DE ACCESO ADICIONAL DE MATERIA--TÉRMINO DE MATERIA
Descriptor Fiestas.
9 (RLIN) 1046
942 ## - ELEMENTOS DE PUNTO DE ACCESO ADICIONAL (KOHA)
Fuente de clasificación
Tipo de item Libros-BMC
945 ## - PROCESAMIENTO DE INFORMACIÓN LOCAL (OCLC)
Catalogador mvr
AAAA-MM-DD - Fecha de ingreso o modificacion 2019-02-22
Holdings
Estado de retiro (separado) Fuente de clasificación o esquema de estanterías Estado dañado Ubicación Sala donde se ubica Nombre de la colección Fecha de adquisición o compra Costo, precio normal en soles Signatura topográfica Código de Barras Última vez visto (Koha) Tipo de ítem (Koha)
No     Sala Humanidades Sala Humanidades Book Cart 2019-02-22 78.00 301.985 / P13 SH0000000288 2019-02-22 Libros-BMC

Powered by Koha